Linear control systems with MATLAB applications (Record no. 13671)
[ view plain ]
| 000 -LEADER | |
|---|---|
| fixed length control field | 00292nam a22001217a 4500 |
| 020 ## - INTERNATIONAL STANDARD BOOK NUMBER | |
| ISBN | 8174091076 |
| 082 ## - DEWEY DECIMAL CLASSIFICATION NUMBER | |
| Classification number | 629.8 |
| Item number | MAN/LI |
| 100 ## - MAIN ENTRY--AUTHOR NAME | |
| Personal name | Manke,B.S |
| 245 ## - TITLE STATEMENT | |
| Title | Linear control systems with MATLAB applications |
| 260 ## - PUBLICATION, DISTRIBUTION, ETC. (IMPRINT) | |
| Place of publication | New Delhi |
| Name of publisher | Khanna Publishers |
| Year of publication | 2010 |
| 300 ## - PHYSICAL DESCRIPTION | |
| Number of Pages | 674 |
| 942 ## - ADDED ENTRY ELEMENTS (KOHA) | |
| Koha item type | Books |
| Withdrawn status | Lost status | Damaged status | Collection code | Home library | Current library | Shelving location | Date acquired | Source of acquisition | Cost, normal purchase price | Full call number | Accession Number | Koha item type |
|---|---|---|---|---|---|---|---|---|---|---|---|---|
| Non-fiction | KAUAET | KAUAET | General Stacks | 31/03/2012 | Current Books, Thrissur | 260.00 | 629.8 MAN/LI | 22540 | Books |
